| 000 | 01755nam a22003137i 4500 | ||
|---|---|---|---|
| 001 | ssj0003244362 | ||
| 003 | WaSeSS | ||
| 005 | 20251008094701.0 | ||
| 006 | m d | ||
| 007 | cr n | ||
| 008 | 231115s2024 gw a sb 000 0 eng d | ||
| 010 | _a 2023950563 | ||
| 020 | _a9783110763263 | ||
| 040 |
_aYDX _beng _cYDX _dOCLCO _dYDX _dOHX _dOCLCO _dRDF _dDLC _dWaSeSS |
||
| 041 | _aeng | ||
| 042 | _alccopycat | ||
| 050 | 0 | 0 |
_aQ223 _b.A125 2024 |
| 245 | 0 | 0 |
_a50 essentials on science communication _c/ edited by Jean Paul Bertemes, Serge Haan, Dirk Hans. |
| 246 | 3 | 0 | _aFifty essentials on science communication |
| 260 |
_aBerlin ; _aBoston : _bWalter De Gruyter GmbH, _c2024. |
||
| 300 |
_a135 pages : _bcolor illustrations ; _c21 cm |
||
| 504 | _aIncludes bibliographical references. | ||
| 520 | _aScience communication is becoming increasingly important. Research institutions, scientists and science communicators want to engage with society, share their knowledge and build trust. At the same time, it is about competition for research funds and top personnel. So how do you get it right – and what do you need to consider when developing your communication strategy? This handy and entertaining book provides the basics of goal-oriented science communication. It is aimed at career-building scientists and anyone who wants to take their first steps in the field of science communication. Experienced international authors in the field share their essential thoughts on important aspects of contemporary science communication. | ||
| 650 | 0 |
_aCommunication in the social sciences _924316 |
|
| 700 |
_aBertemes, Jean Paul _926052 _eeditor |
||
| 700 |
_aHaan, Serge _926053 _eeditor |
||
| 700 |
_aHans, Dirk _926054 _eeditor |
||
| 942 | _2lcc | ||
| 999 |
_c5017 _d5017 |
||